A quelle mythologie appartient ce dieu ou cette déesse ? (2) - Statistiques

Statistiques générales
  • Ce quiz a été pris 152 fois
  • Le résultat moyen est 10 sur 26
Statistiques - réponses
Hint Réponse % Correct
Hestia grecque
80%
Hélios grecque
77%
Hadès grecque
74%
Poséidon grecque
72%
Vulcain romaine
71%
Ganesha hindoue
69%
Horus égyptienne
66%
Vishnu hindoue
63%
Chalchiuhtlicue aztèque
54%
Atoum égyptienne
41%
Tlaloc aztèque
38%
Äkräs finnoise
32%
Loki germanique
30%
Cybèle romaine
28%
Njörd germanique
27%
Mama Quilla inca
27%
Assur mésopotamienne
25%
Viracocha inca
24%
Sucellos celtique
23%
Taranis celtique
23%
Ukko finnoise
23%
Enlil mésopotamienne
22%
Esus celtique
18%
Dagda celtique
16%
Kuutar finnoise
13%
Morana slave
11%
Aucun quiz correspondant
Distribution des résultats
% des personnes avec chaque résultat
Percentile par nombre de réponses
Votre historique - résultats
Vous n’avez pas pris ce quiz